[Event "Indywidualne Mistrzostwa Polski Juniorow do lat 16 - Chlopcy"]
[Site "Szklarska Poreba"]
[Date "1899-12-30"]
[Round "9.21"]
[White "Pelka, Michal"]
[Black "Kozlowski, Michal"]
[Result "1/2-1/2"]
[WhiteTitle "I"]
[BlackTitle "I+"]
[WhiteElo "1745"]
[BlackElo "1826"]

1. e4 c5 2. Nf3 Nc6 3. d4 cxd4 4. Nxd4 e5 5. Nb5 d6 6. c4 Be6 7. Be2 Be7 8. Be3
Rc8 9. O-O Nf6 10. N1c3 a6 11. Na3 Na5 12. Nd5 Bxd5 13. cxd5 b5 14. f3 O-O 15.
Qd2 Nb7 16. Nc2 Nd7 17. Nb4 Nb8 18. Rfc1 Qd7 19. Rxc8 Rxc8 20. Rc1 Bd8 21. Nd3
Na5 22. b3 Qb7 23. Nb2 Qd7 24. Rc2 Kf8 25. Qc1 Rxc2 26. Qxc2 Qc7 27. Qxc7 Bxc7
28. Kf2 Ke7 29. Ke1 Nd7 30. b4 Nb7 31. a3 Bb6 32. Kd2 Kd8 33. Bxb6+ Nxb6 34. Kc3
Na8 35. Kb3 Kc7 36. a4 Kb6 37. a5+ Kc7 38. Kc3 Kd7 39. Nd1 g6 40. g3 Nd8 41. Bf1
Nc7 42. Bh3+ Ke7 43. Ne3 f6 1/2-1/2

[Event "Indywidualne Mistrzostwa Polski Juniorow do lat 16 - Chlopcy"]
[Site "Szklarska Poreba"]
[Date "1899-12-30"]
[Round "9.22"]
[White "Distel, Pawel"]
[Black "Paprocki, Stanislaw"]
[Result "1/2-1/2"]
[WhiteTitle "I"]
[BlackTitle "I"]
[WhiteElo "1751"]
[BlackElo "1824"]

1. e4 c5 2. Ne2 e5 3. Nbc3 Nf6 4. g3 d5 5. exd5 Nxd5 6. Bg2 Be6 7. O-O Nc6 8. d3
Be7 9. f4 exf4 10. Bxd5 Bxd5 11. Nxf4 Be6 12. Nxe6 fxe6 13. Be3 Nd4 14. Qh5+ g6
15. Qe5 Rg8 16. Ne4 Qd5 17. Bxd4 Qxd4+ 18. Qxd4 cxd4 19. Nf6+ Bxf6 20. Rxf6 Ke7
21. Raf1 Rg7 22. R6f4 Rd8 23. Re4 Rf7 24. Rfe1 Rd6 25. a4 a6 26. b3 Rf5 27. R1e2
Rf6 28. g4 h6 29. Kg2 Rf7 30. h3 Rf6 1/2-1/2

[Event "Indywidualne Mistrzostwa Polski Juniorow do lat 16 - Chlopcy"]
[Site "Szklarska Poreba"]
[Date "1899-12-30"]
[Round "9.23"]
[White "Majdanski, Maksymilian"]
[Black "Jankowski, Igor"]
[Result "1-0"]
[WhiteTitle "I"]
[BlackTitle "II+"]
[WhiteElo "1686"]
[BlackElo "1503"]

1. d4 e6 2. c4 f5 3. Nf3 Nf6 4. Nc3 d5 5. e3 c6 6. Bd3 Bd6 7. c5 Be7 8. b3 O-O
9. Bb2 Bd7 10. Qc2 Ne4 11. h3 Be8 12. O-O-O Na6 13. a3 Nc7 14. Ne5 Nb5 15. Nxb5
cxb5 16. g4 fxg4 17. Bxe4 dxe4 18. hxg4 Qd5 19. f3 Bg6 20. Nxg6 hxg6 21. fxe4
Qg5 22. Qe2 Rac8 23. Rh3 b6 24. Rdh1 bxc5 25. Rh8+ Kf7 26. Rf1+ Bf6 27. Rxf8+
Kxf8 28. Kb1 Kg8 29. e5 Be7 30. dxc5 Rxc5 31. Qf3 Qh4 32. Qa8+ 1-0

[Event "Indywidualne Mistrzostwa Polski Juniorow do lat 16 - Chlopcy"]
[Site "Szklarska Poreba"]
[Date "1899-12-30"]
[Round "9.24"]
[White "Jedrusik, Adam"]
[Black "Bartoszewski-reiski, Olaf"]
[Result "1/2-1/2"]
[WhiteTitle "I"]
[BlackTitle "I+"]
[WhiteElo "1693"]
[BlackElo "1707"]

1. d4 Nf6 2. Bg5 Ne4 3. Bf4 d5 4. Nd2 c5 5. e3 Nc6 6. c3 Bf5 7. Ngf3 Qb6 8. Qb3
c4 9. Qxb6 axb6 10. Nxe4 Bxe4 11. Nd2 Bg6 12. Be2 e6 13. O-O Kd7 14. f3 Bd6 15.
Bxd6 Kxd6 16. e4 b5 17. a3 Ra7 18. Kf2 Rha8 19. Rac1 f6 20. Rfd1 b6 21. Ke3 Re8
22. f4 Rae7 23. Bf3 h6 24. g4 Bh7 25. Bg2 g6 26. Rg1 Rg8 27. h4 f5 28. e5+ Kd7
29. gxf5 gxf5 30. Bf3 Reg7 31. Kf2 Ne7 32. h5 Rxg1 33. Rxg1 Rxg1 34. Kxg1 Bg8
35. Kf2 Bf7 36. Nf1 1/2-1/2

[Event "Indywidualne Mistrzostwa Polski Juniorow do lat 16 - Chlopcy"]
[Site "Szklarska Poreba"]
[Date "1899-12-30"]
[Round "9.25"]
[White "Gardian, Adam"]
[Black "Derylo, Kamil"]
[Result "0-1"]
[WhiteTitle "I"]
[BlackTitle "I"]
[WhiteElo "1612"]
[BlackElo "1783"]

1. e4 c5 2. c3 Nf6 3. e5 Nd5 4. d4 cxd4 5. Qxd4 e6 6. Nf3 Nc6 7. Qe4 d6 8. Nbd2
dxe5 9. Nxe5 Nxe5 10. Qxe5 Qd6 11. Nc4 Qxe5+ 12. Nxe5 Bd6 13. Bb5+ Ke7 14. Nc4
Bc7 15. Ne3 Nf6 16. b3 a6 17. Bd3 Rd8 18. Bc2 Be5 19. Bb2 b5 20. Rc1 Bb7 21. Ke2
Rac8 22. Bd3 Nh5 23. Bb1 Nf4+ 24. Ke1 Nxg2+ 25. Nxg2 Bxg2 26. Rg1 Bf3 27. Ba3+
Ke8 28. Bxh7 Rxc3 0-1